BUBT Library Online Catalog

ইকুইটি ও ট্রাস্ট আইন : (Record no. 3163)

000 -LEADER
fixed length control field 00775nam a2200217Ia 4500
003 - CONTROL NUMBER IDENTIFIER
control field BUBTL
008 - FIXED-LENGTH DATA ELEMENTS--GENERAL INFORMATION
fixed length control field 151213s9999 xx 000 0 und d
020 ## - INTERNATIONAL STANDARD BOOK NUMBER
International Standard Book Number 9843237544
082 ## - DEWEY DECIMAL CLASSIFICATION NUMBER
Classification number 346.004/ Ud2e/ 2006
100 ## - MAIN ENTRY--PERSONAL NAME
Personal name উদ্দীন, এন,এ, এম, জসিম
9 (RLIN) 5249
245 ## - TITLE STATEMENT
Title ইকুইটি ও ট্রাস্ট আইন :
Statement of responsibility, etc. এন, এ, এম, জসিম উদ্দীন
250 ## - EDITION STATEMENT
Edition statement 1st edn.
260 ## - PUBLICATION, DISTRIBUTION, ETC. (IMPRINT)
Place of publication, distribution, etc. Dhaka
Name of publisher, distributor, etc. সেন্ট্রাল ’ল’ বুক হাউজ
Date of publication, distribution, etc. c2006
300 ## - PHYSICAL DESCRIPTION
Extent 591p. :
Other physical details 21 cm
500 ## - GENERAL NOTE
General note Includes Index.
650 ## - SUBJECT ADDED ENTRY--TOPICAL TERM
Topical term or geographic name as entry element Law
700 ## - ADDED ENTRY--PERSONAL NAME
Personal name এন, এ, এম, জসিম উদ্দীন
9 (RLIN) 5250
856 ## - ELECTRONIC LOCATION AND ACCESS
Password 0
Logon 0
Link text Download
942 ## - ADDED ENTRY ELEMENTS (KOHA)
Source of classification or shelving scheme
Koha item type Books
Holdings
Withdrawn status Lost status Source of classification or shelving scheme Damaged status Not for loan Collection code Permanent location Current location Shelving location Date acquired Source of acquisition Inventory number Total Checkouts Full call number Barcode Date last seen Copy number Price effective from Koha item type
        Not For Loan Non-fiction Bangladesh University of Business and Technology Library Bangladesh University of Business and Technology Library Law Stacks 01/27/2008 Purchase 5120   346.004/ Ud2e/ 2006 BUBTL-20035120 03/21/2023 C-1 03/21/2023 Books
        Not For Loan Non-fiction Bangladesh University of Business and Technology Library Bangladesh University of Business and Technology Library Law Stacks 01/27/2008 Purchase 5121   346.004/ Ud2e/ 2006 BUBTL-20035121 03/21/2023 C-2 03/21/2023 Books

More Information About Library

Library Hours

  • Open: 9.00 am. to 9.00 pm.
  • Only Sunday: 9.00 am. to 6.00 pm.
  • Closed: Holiday

Contact to the University

Bangladesh University of Business and Technology Library

  • Mirpurl-2, 1216.
  • Phone:
  • Fax:
  • E-Mail: admin.library@bubt.edu.bd

Contact to the Library

Contact Person:

Md. Abdul Hakim Shah
Joint Librarian
PABX No:  113
Cell No: 01816332931
E-mail: official: admin.library@bubt.edu.bd
Personal: hakim.shah@bubt.edu.bd


BUBT Library

Copyright © 2021